000 00373nam a2200133Ia 4500
008 100328s9999 xx 000 0 und d
082 _b65531
100 _aभावे राम.
245 _aबंा रेशमाचे.
260 _bशिवमे.
630 _aबंा रेशमाचे.
730 _aबंा रेशमाचे.
942 _cBOOK
999 _c551276
_d551273